000 00547nam a2200205Ia 4500
005 20250923150102.0
008 008 250917s9999 xx 000 0 eng d
037 _aTextual
040 _aDSWL
_beng
_cDSWL
041 _aeng
_2eng
084 _aYX,zC;7, PO1
_qDSWL
100 _aSingh, A.N.
_9842065
245 0 _aEnabling the differently able
_c by A.N.Singh
260 _aDelhi
_bShipra
_c2001
300 _a220p.
365 _aINR
_b475
925 _g475
942 _cTEXL
_hYX,zC;7, PO1
999 _c1459388
_d1459388